Normal view
MARC view
- Bayross I
Entry Corporate Name
001 - CONTROL NUMBER
- control field: 129204
003 - CONTROL NUMBER IDENTIFIER
- control field: OSt
005 - DATE AND TIME OF LATEST TRANSACTION
- control field: 20230313121938.0
008 - FIXED-LENGTH DATA ELEMENTS
- fixed length control field: 230313|| aca||aabn | a|a d
040 ## - CATALOGING SOURCE
- Original cataloging agency: OSt
- Transcribing agency: OSt
110 ## - HEADING--CORPORATE NAME
- Corporate name or jurisdiction name as entry element: Bayross I
670 ## - SOURCE DATA FOUND
- Source citation: Work cat.: (OSt)103863: Bayross I. 106208, Oracle Developer 2000 Forms 6i